| 000 | 00805nam a22001937a 4500 | ||
|---|---|---|---|
| 999 |
_c19662 _d19662 |
||
| 003 | AR-CdUCM | ||
| 008 | 190306b ||||| |||| 00| 0 spa d | ||
| 020 | _a84-86874-05-X | ||
| 040 |
_aMUNICIPALIDAD PROVINCIAL DEL CUSCO _cBIBLIOTECA MUNICIPAL DEL CUSCO |
||
| 082 |
_a323.4 / _bAM54 |
||
| 110 |
_aPublicaciones por Amnistía Internacional _910050 |
||
| 245 |
_aAmnistía Internacional : _binforme1988 / |
||
| 260 |
_aEspaña : _bEdiciones de la torre, _c1989. |
||
| 300 |
_a352 páginas ; _c24 cm. |
||
| 505 | _aContenido: Amnistía internacional: una campaña a escala mundial -- África -- América -- Asia y Oceanía -- Oceanía -- Europa -- Oriente Medio y África del Norte -- Misiones: Enero-diciembre de 1986. | ||
| 650 |
_aAmnistía _911201 |
||
| 942 |
_2ddc _cLIBROS |
||
| 945 |
_adavv _d2019-05-20 |
||